00573nam a22001812 4500001001100000005001700011008004100028020001700069040001500086100003400101245011800135250001300253260003600266300001700302650003600319700003300355852000300388000001925120151217152150.0101022s xx 000 0 eng d a0071432175 : aKABUcKABU1 aCohen, Shoshanan.@000017891910aStrategic supply chain management :bthe five disciplines for top performance /cShoshanan Cohen, Joseph Roussel. a1st ed. aNew York :bMcGraw-Hill,c2005. axix, 316 p. 0aBusiness logistics.@00001482871 aRoussel, Joseph.@00001789201